00481nam a2200157Ia 4500003000400000008004100004040001600045082001600061100002500077245008400102260003900186650002500225650002300250650002600273650002400299GCL140319s9999 xx 000 0 eng d aGCL / cGCL04a621.82bM E1 aMROCKOWSKI, ROBERT S10aELECTRONIC CONNECTOR HANDBOOK: THEORY AND APPLICATIONS / cMROCKOWSKI, ROBERT S a[S.N] : bMC GRAW - HILL ، c199804aELECTRONIC CONNECTOR04aENGINEERING DESIGN04aMECHANICS ENGINEERING04aCONNECTING HANDBOOK